[Event "87th Tata Steel Challengers 2025"]
[Site "Wijk aan Zee"]
[Date "2025.02.02"]
[Round "13.7"]
[White "Lu, Miaoyi"]
[Black "Yakubboev, Nodirbek"]
[Result "0-1"]
[WhiteElo "2429"]
[BlackElo "2659"]
[Annotator "Stockfish 17 - ChessBase"]
[PlyCount "64"]
[EventDate "2025.??.??"]

{[%evp 0,64,28,10,46,53,79,95,53,38,35,34,89,7,59,24,99,62,100,57,70,53,40,10,65,4,27,-196,-166,-166,-201,-282,-145,-166,-129,-317,-239,-259,-259,-275,-300,-300,-307,-307,-307,-402,-298,-377,-329,-255,-255,-255,-255,-365,-383,-383,-353,-374,-405,-706,-506,-708,-953,-1633,-1633,-29995,-29996]} 1. e4 c5 2. Nf3 d6 3. d4 cxd4 4. Nxd4 Nf6 5. Nc3 a6 6. Rg1 h5 7. Bg5 e6 (7... b5 8. a3 Bb7 9. Bxf6 gxf6 10. f4 Nc6 11. Nxc6 Bxc6 12. Qd4 e6 13. O-O-O Rb8 14. Nd5 exd5 15. exd5 Bb7 16. Re1+ Be7 17. Bd3 Kf8 18. g4 hxg4 19. f5 Rg8 20. Rxg4 Rxg4 21. Qxg4 Bxd5 22. Qd4 {Carlsen,M (2864)-Giri,A (2760) Miami 2022 ½-½ (33)}) 8. Qd2 (8. f4 Be7 9. Qf3 Ng4 10. Bxe7 Qxe7 11. h3 Nh2 12. Qg3 Nxf1 13. Qxg7 Qh4+ 14. g3 Nxg3 15. Qxh8+ Kd7 16. O-O-O Qxf4+ 17. Kb1 Kc7 18. Nf5 Nxf5 19. exf5 Nc6 20. fxe6 fxe6 21. Rg7+ Kb6 22. Rg8 Ne7 {Ocampos,I (2251)-Curtis,J (2292) chess.com INT 2025 1-0 (31)}) 8... b5 9. a3 $146 (9. f3 Be7 10. O-O-O Qc7 11. Kb1 Nbd7 12. h3 h4 13. g3 hxg3 14. Rxg3 Bb7 15. h4 Nb6 16. Bxf6 gxf6 17. Rg7 b4 18. Nce2 d5 19. exd5 Nxd5 20. Bh3 O-O-O 21. Bxe6+ fxe6 22. Nxe6 Qe5 23. Nxd8 Rxd8 {Mladek,R (2371)-Salem,A (2677) Chess.com INT 2022 0-1 (44)}) 9... Qc7 10. O-O-O Nbd7 11. f4 Rb8 12. Bd3 b4 13. Nd5 $4 {Blunder. axb4 was best.} (13. axb4) 13... exd5 14. exd5 bxa3 15. b3 Bb7 16. Rge1+ Kd8 17. Re3 Nb6 18. Rde1 Qc5 19. Be4 Bxd5 20. Bxf6+ gxf6 21. Bxd5 Nxd5 22. Rd3 f5 23. Kb1 Bg7 24. Nc6+ Qxc6 25. Rxd5 Rh6 26. Qa5+ Kc8 27. Rd3 Re6 28. Rde3 $6 {Inaccuracy. Rxe6 was best.} (28. Rxe6 fxe6 29. Rg3 Bf6 30. Rg8+ Kb7 31. Qb4+ Qb5 32. Rxb8+ Kxb8 33. Qxd6+ Kb7) 28... Rb5 29. Qxa3 Rxe3 30. Rxe3 Qb6 31. Rg3 $4 {Checkmate is now unavoidable. c4 was best.} (31. c4 Ra5 32. Qxa5 Qxa5 33. Kc2 Qa2+ 34. Kd1 Qxg2 35. h3 Bf6 36. Rd3 Qf1+) 31... Ra5 32. Qxa5 Qg1+ {0-1 Black wins. Precisão Stockfish 17: Brancas 89% Pretas 98% Precisão Chess.com: Brancas 81.6 Pretas 96.7} 0-1